Tottenham Hotspur - Tous les joueurs (2010-2020) - Statistiques

Statistiques générales
  • Ce quiz a été pris 667 fois
  • Le résultat moyen est 29 sur 96
Statistiques - réponses
Saisons Nationalité Joueur Nb de matchs % Correct
2012-2020 France Hugo Lloris 260
99%
2012-2020 Angleterre Harry Kane 207
98%
2015-2020 Corée du Sud Son Heung-min 160
98%
2013-2020 Danemark Christian Eriksen 226
93%
2012-2020 Belgique Jan Vertonghen 232
90%
2010-2013 Pays de Galles Gareth Bale 122
87%
2015-2020 Belgique Toby Alderweireld 149
84%
2012-2019 Belgique Mousa Dembélé 182
78%
2010-2012 Croatie Luka Modric 68
76%
2017-2020 Brésil Lucas Moura 73
75%
2014-2020 Angleterre Eric Dier 174
74%
2016-2020 France Moussa Sissoko 116
74%
2017-2020 Colombie Davinson Sanchez 83
71%
2010-2017 Angleterre Kyle Walker 181
71%
2015-2020 Angleterre Dele Alli 156
70%
2014-2020 Pays de Galles Ben Davies 128
69%
2013-2020 Argentine Erik Lamela 154
64%
2019-2020 France Tanguy Ndombele 21
64%
2011-2015 Togo Emmanuel Adebayor 92
63%
2017-2020 Côte d'Ivoire Serge Aurier 58
63%
2019-2020 Argentine Giovani Lo Celso 28
59%
2010-2020 Angleterre Danny Rose 155
58%
2016-2020 Angleterre Harry Winks 94
57%
2016-2020 Kenya Victor Wanyama 69
57%
2015-2019 Angleterre Kieran Trippier 69
49%
2017-2019 Espagne Fernando Llorente 36
43%
2012-2014 Islande Gylfi Sigurdsson 58
41%
2019-2020 Pays-Bas Steven Bergwijn 14
35%
2010-2014 Angleterre Jermain Defoe 95
33%
2013-2016 Belgique Nacer Chadli 88
33%
2019-2020 Angleterre Ryan Sessegnon 6
32%
2013-2016 Algérie Nabil Bentaleb 46
31%
2010-2015 France Younès Kaboul 79
30%
2012-2013 Etats-Unis Clint Dempsey 29
29%
2014-2019 Pays-Bas Michel Vorm 13
29%
2018-2020 Angleterre Oliver Skipp 15
28%
2010-2015 Angleterre Aaron Lennon 127
27%
2010-2013 Cameroun Benoît Assou-Ekotto 79
27%
2017-2020 Argentine Paulo Gazzaniga 22
27%
2010-2013 France William Gallas 61
26%
2013-2015 Brésil Paulinho 45
25%
2016-2020 France Georges-Kévin Nkoudou 11
24%
2011-2014 Etats-Unis Brad Friedel 50
23%
2017-2020 Angleterre Kyle Walker-Peters 12
23%
2010-2013 Pays-Bas Rafael van der Vaart 63
22%
2016-2019 Pays-Bas Vincent Janssen 31
22%
2013-2015 France Etienne Capoue 24
21%
2010-2012 Angleterre Peter Crouch 35
21%
2010-2011 Irlande Robbie Keane 7
21%
2013-2015 Espagne Roberto Soldado 52
21%
2019-2020 Angleterre Japhet Tanganga 6
20%
2018-2020 Argentine Juan Foyth 16
20%
2015-2016 Cameroun Clinton N'Jie 8
17%
2019-2020 Portugal Gedson Fernandes 7
16%
2010-2011 Brésil Heurelho Gomes 30
15%
2010-2012 Mexique Giovani dos Santos 10
14%
2010-2012 Afrique du Sud Steven Pienaar 10
14%
2013-2015 Roumanie Vlad Chiriches 27
14%
2010-2014 Angleterre Michael Dawson 90
13%
2014-2016 Angleterre Ryan Mason 53
13%
2011-2013 Angleterre Scott Parker 50
13%
2012-2016 Angleterre Andros Townsend 50
12%
2014-2015 Argentine Federico Fazio 20
12%
2010-2012 Angleterre Ledley King 27
12%
2010-2012 Russie Roman Pavlyuchenko 34
12%
2010-2014 Brésil Sandro 81
12%
2014-2015 France Benjamin Stambouli 12
11%
2015-2017 Autriche Kevin Wimmer 15
11%
2010-2012 Croatie Vedran Corluka 18
11%
2014-2015 Etats-Unis DeAndre Yedlin 1
10%
2019-2020 Irlande Troy Parrott 2
10%
2010-2011 Honduras Wilson Palacios 21
10%
2010-2013 Angleterre Tom Huddlestone 36
9%
2010-2012 Croatie Niko Kranjcar 25
8%
2011-2012 Angleterre Adam Smith 1
6%
2010-2011, 2012-2013 Angleterre Jermaine Jenas 20
6%
2012-2015 Allemagne Lewis Holtby 25
6%
2011-2012 France Louis Saha 10
6%
2012-2013, 2015-2017 Angleterre Tom Carroll 27
6%
2010-2011 Ecosse Alan Hutton 21
5%
2015-2017 Angleterre Josh Onomah 13
5%
2010-2012 Cameroun Sébastien Bassong 17
5%
2012-2013 Angleterre Steven Caulker 18
5%
2010-2011 Italie Carlo Cudicini 8
4%
2011-2013 Angleterre Jake Livermore 35
4%
2012-2015 Angleterre Kyle Naughton 42
4%
2010-2011 Angleterre David Bentley 2
3%
2012-2013 Espagne Iago Falqué 1
3%
2018-2019 Angleterre Kazaiah Sterling 1
3%
2016-2017 Slovaquie Filip Lesniak 1
2%
2018-2019 Angleterre Luke Amos 1
2%
2013-2014 Serbie Milos Veljkovic 2
2%
2011-2012 Nouvelle-Zélande Ryan Nelsen 5
2%
2013-2014, 2015-2016 Angleterre Alex Pritchard 2
1%
2011-2012 Angleterre Cameron Lancaster 1
1%
2013-2014 Angleterre Zeki Fryers 7
1%
Aucun quiz correspondant
Distribution des résultats
% des personnes avec chaque résultat
Percentile par nombre de réponses
Votre historique - résultats
Vous n’avez pas pris ce quiz